Lawntown Limited v Mr and Mrs Camenzuli (Record no. 79410)

MARC details
000 -LEADER
fixed length control field 01812cad a22002175a 4500
001 - CONTROL NUMBER
control field L140998
008 - FIXED-LENGTH DATA ELEMENTS--GENERAL INFORMATION
fixed length control field 071024e20071010xxk f v 000 0 eng d
035 ## - SYSTEM CONTROL NUMBER
System control number (Sirsi) u140998
041 0# - LANGUAGE CODE
Language code of text/sound track or separate title eng
245 00 - TITLE STATEMENT
Title Lawntown Limited v Mr and Mrs Camenzuli
Medium [electronic resource]
260 ## - PUBLICATION, DISTRIBUTION, ETC.
Date of publication, distribution, etc. 2007
520 ## - SUMMARY, ETC.
Summary, etc. [2007] EWCA Civ, 27 July 2007. Considers whether the approach taken to vary a covenant in order to convert a house into flats, supported by planning permission, was correct. The appellants (C) owned one of a pair of semi-detached houses. The respondent developer (L) purchased the other in order to convert it into flats. C and other neighbours objected, but L succeeded in obtaining planning permission for the conversion in variation of a covenant preventing the conversion. The permission had been granted on the basis that the two houses, although joined, were a separate entity; and also on the basis that more housing was needed in London, as reflecting in local planning policy. C appealed. "Held": There was no presumption within the Housing Act 1985 s610 suggesting a variation of the covenant. The court should make its own assessment of the issues and take account of them even if they had already been considered by the local planning authority. Matters raised by C were outweighed by factors in favour of variation, including the need for more housing in London. This did not mean passing judgment on planning policy. Appeal dismissed.
590 ## - LOCAL NOTE (RLIN)
Local note KA
650 24 - SUBJECT ADDED ENTRY--TOPICAL TERM
Topical term or geographic name entry element LAWNTOWN LTD V CAMENZULI
650 24 - SUBJECT ADDED ENTRY--TOPICAL TERM
Topical term or geographic name entry element HOUSING ACT 1985 S610
650 24 - SUBJECT ADDED ENTRY--TOPICAL TERM
Topical term or geographic name entry element LAW OF PROPERTY ACT 1925
651 #4 - SUBJECT ADDED ENTRY--GEOGRAPHIC NAME
Geographic name England and Wales
Chronological subdivision 1543-
690 ## - LOCAL SUBJECT ADDED ENTRY--TOPICAL TERM (OCLC, RLIN)
Topical term or geographic name as entry element Planning and development
9 (RLIN) 6259
856 40 - ELECTRONIC LOCATION AND ACCESS
Uniform Resource Identifier <a href="https://www.bailii.org/ew/cases/EWCA/Civ/2007/949.html">https://www.bailii.org/ew/cases/EWCA/Civ/2007/949.html</a>
Public note View the item free of charge at www.bailii.org...
942 ## - ADDED ENTRY ELEMENTS (KOHA)
Suppress in OPAC 0
Holdings
Withdrawn status Lost status Source of classification or shelving scheme Damaged status Not for loan Home library Current library Shelving location Date acquired Total Checkouts Full call number Barcode Date last seen Copy number Price effective from Koha item type
    Dewey Decimal Classification     London London Journal article 24/10/2007   ONLINE PUBLICATION 140998-1001 06/08/2019 1 06/08/2019 Law report